Jeziora Naturalne w Polsce - Statystyki

Ogólne statystyki
  • Ten quiz został rozwiązany 97 razy
  • Średni wynik to 9 z 24
Statystyki odpowiedzi
Pojezierze Wielkopolskie % Poprawnych
Mamry
85%
Śniardwy
84%
Gopło
79%
Łebsko
67%
Dąbie
60%
Niegocin
59%
Jeziorak
58%
Gardno
55%
Wigry
55%
Miedwie
40%
Drawsko
38%
Roś
33%
Wdzydze
25%
Nidzkie
23%
Tałty
22%
Charzykowskie
19%
Lubie
15%
Raduńskie
12%
Rajgrodzkie
10%
Ryńskie
8%
Selmęt
8%
Betyń
5%
Wielmie
4%
Jemno
3%
Nie znaleziono quizów pasujących do podanych kryteriów
Rozkład punktacji
Procent ludzi z każdym wynikiem
Percentyl według liczby udzielonych odpowiedzi
Twoja historia wyników
Nie rozwiązałeś tego quizu